000 00785cam a2200241 a 4500
008
020 _a0073526274 (hbk. )
049 _aMAIN
090 _aJK276
_bAME
245 0 0 _aAmerican democracy now /
_cBrigid Callahan Harrison... [et al.]
260 _aBoston :
_bMcGraw-Hill,
_cc2009.
300 _axxix, 679 (58) p. :
_bill. (some col.) ;
_c29 cm.
504 _aIncludes bibliographical references.
500 _aIncludes index.
651 0 _aUnited States
_xPolitics and government
_vTextbooks.
650 0 _aPolitical participation
_zUnited States
_vTextbooks.
700 1 _aHarrison, Brigid C.
907 _a.b10294995
_b20-07-11
_c20-04-11
003
005 20230123125323.0
040 _cNUST
942 _cBOOKS
_kJK276
_mAME
999 _c139504
_d139504